| 000 | 01114nam a2200217 a 4500 | ||
|---|---|---|---|
| 001 | 21198 | ||
| 003 | CO-ViMGA | ||
| 008 | 141112s2004 ck r 000 u spa d | ||
| 020 | _aMEVIGAMOV0695725 | ||
| 040 |
_aCO-ViMGA _bspa _cCO-ViMGA |
||
| 082 | 0 | 4 | _a658.3 W377a |
| 100 | 1 |
_aWerter, William B. _930228 |
|
| 245 | 1 | 0 | _aAdministración de personal y recursos humanos |
| 250 | _a4 | ||
| 260 |
_aMexico; Mc Graw Hill, _c1995 |
||
| 300 | _a486 | ||
| 505 | _aPreparación y selección Análisis y diseños de puestos, Planeación de recursos humanos 121 - - Desarrollo y evaluación capacitación y desarrollo, Evaluación y desempeño 294 - - Compensación y protección Incentivos y participación en las utilidades, prestaciones y servicios al personal 383 - - Relaciones con el personal y evaluación de la vida laboral Relaciones de la empresa con el sindicato, Evaluación y perspectivas al futuro 496 | ||
| 590 | _aForma de adquisición : Compra fact.0854 - - Precio : 0854 - - Proveedor : Temas y libros - - Fecha de adquisición : Mayo 2007 | ||
| 650 | 1 | 4 | _aADMINISTRACION DE PERSONAL |
| 942 |
_2ddc _cBK |
||
| 999 |
_c29846 _d29846 |
||